000 00818nam a2200277Ia 4500
001 D5115
003 IT-RoPAU
008 130308s9999 xx 000 0 und d
040 _aIT-RoPAU
040 _cIT-RoPAU
041 _aITALIANO
100 _aFracassi Claudio
100 _gCodice Aut. SPICS: 6487
245 _aSotto la notizia niente
245 _bManuale di Disinformazione. I Media Come Arma Impropria: Metodi, Tecniche, Strumenti per la Distruzione della Realta'
250 _a1a ed.
260 _aROMA
260 _bCastelvecchi
260 _c1995 [1° Ed.:1995 - Ed.Ling.Originale:1995]
300 _a"14 p. (prefazione: no ; testo: 14 [pagine: 45-58])"
650 _aSAGGI DI COMUNICAZIONE SOCIALE
650 _eCodice materia Spics: 3807
942 _cBK
957 _71
999 _c96730
_d96730
999 _g1